El Desafío en tiempo de globalización; la prevención del racismo
Պահպանված է:
| Ձևաչափ: | Տեքստ |
|---|---|
| Խորագրեր: | |
| Ցուցիչներ: |
Ավելացրեք ցուցիչ
Չկան պիտակներ, Եղեք առաջինը, ով նշում է այս գրառումը!
|
MARC
| LEADER | 00000 a a2200000 04500 | ||
|---|---|---|---|
| 001 | 338 | ||
| 003 | |||
| 040 | |||
| 245 | |a El Desafío en tiempo de globalización; la prevención del racismo | ||
| 650 | |a GLOBALIZACION | ||
| 650 | |a CULTURA | ||
| 650 | |a ACULTURACION | ||
| 650 | |a CAMBIO CULTURAL | ||
| 650 | |a DISCRIMINACION RACIAL | ||
| 650 | |a AMERINDIOS | ||
| 773 | |g volumen 24, número 323; páginas 23-25 | ||
| 999 | |c 24997 |d 24997 | ||
| 773 | 0 | |0 42391 |9 3522 |a Agencia Latinoamericana de Información, ALAI |d Quito, Ecuador: ALAI |o 11484-SIABUC-18 |t ALAI: |x 08275564 | |
